Stati per minore estensione costiera - Asia - Statistics

Statistiche generali
  • Questo quiz è stato fatto 6 volte
  • Il punteggio medio è 7 su 10
Statistiche sulle risposte
Coste (km) Nazione % Corretto
161 Brunei
100%
193 Singapore
100%
26 Giordania
83%
58 Iraq
83%
273 Israele
83%
443 Cambogia
67%
225 Libano
67%
193 Siria
67%
161 Bahrein
50%
310 Georgia
33%
Nessun quiz corrispondente trovato
Distribuzione punteggi
Percentuale di utenti per punteggio
Percentile per numero di risposta
I tuoi punteggi nel tempo
Non hai fatto questo quiz